00408nam a2200157Ia 4500003000900000008004100009040001600050080001500066100001500081245008300096260001900179300000900198650001000207650001900217700001400236IN-BaIIA211028s9999 xx 000 0 eng d cIIA Library a535.4bJAN aJanossy, L 0aOn interference phenomena at low intensities of lightcL. Janossy and Zs Naray aBudapestc1957 a63p. aLight aNASA thesaurus aNaray, Zs